Critique of pure reason (Record no. 185)
[ view plain ]
| 000 -LEADER | |
|---|---|
| fixed length control field | 00571nam a2200169 a 4500 |
| 008 - FIXED-LENGTH DATA ELEMENTS--GENERAL INFORMATION | |
| fixed length control field | 120712s1934 ||||||||||||||||| || u |
| 050 ## - LIBRARY OF CONGRESS CALL NUMBER | |
| Classification number | B 2799.K7 Kan |
| 100 ## - MAIN ENTRY--PERSONAL NAME | |
| Personal name | Kant, Immanuel |
| 245 10 - TITLE STATEMENT | |
| Title | Critique of pure reason |
| Statement of responsibility, etc. | Immanuel Kant |
| 260 ## - PUBLICATION, DISTRIBUTION, ETC. | |
| Place of publication, distribution, etc. | London |
| Name of publisher, distributor, etc. | J. M. Dent |
| Date of publication, distribution, etc. | 1934 |
| 300 ## - PHYSICAL DESCRIPTION | |
| Extent | xxxiv, 483p. [8p] |
| 500 ## - GENERAL NOTE | |
| General note | Bibliography |
| 650 #0 - SUBJECT ADDED ENTRY--TOPICAL TERM | |
| Topical term or geographic name entry element | CAUSATION |
| 650 ## - SUBJECT ADDED ENTRY--TOPICAL TERM | |
| Topical term or geographic name entry element | REASON |
| 650 #0 - SUBJECT ADDED ENTRY--TOPICAL TERM | |
| Topical term or geographic name entry element | KNOWLEDGE, THEORY OF |
| 995 ## - | |
| -- | SPECIAL COLLECTIONS |
| -- | 500084 |
| -- | CBU-DAG HAMMARSKJOLD INSTITUTE LIBRARY |
| -- | DAG B 2799.K7 Kan |
| -- | 1 |
| -- | AVAILABLE |
| -- | Sep 3, 2012 |
| -- | 500084 |
| -- | DHIPS Book Collection |
| 999 ## - | |
| -- | 185 |
| -- | 185 |
| Withdrawn status | Lost status | Source of classification or shelving scheme | Damaged status | Not for loan | Permanent Location | Current Location | Shelving location | Date acquired | Total Checkouts | Full call number | Barcode | Date last seen | Price effective from | Koha item type |
|---|---|---|---|---|---|---|---|---|---|---|---|---|---|---|
| CBU-DAG HAMMARSKJOLD INSTITUTE | CBU-DAG HAMMARSKJOLD INSTITUTE | 11/28/2022 | B 2799.K7 Kan | 500084 | 11/28/2022 | 11/28/2022 | MONOGRAPH |